Sympathischste Vereine der Bundesliga - Statistiken

Allgemein
  • Dieses Quiz wurde 98 mal gespielt
  • Das Durchschnittsergebnis liegt bei 7 aus 10
Antwortstatistiken
Quote Verein % Korrekt
62% Borussia Dortmund
89%
65% SC Freiburg
80%
55% VfB Stuttgart
78%
55% 1. FC Köln
76%
59% Werder Bremen
76%
54% 1. FSV Mainz 05
72%
63% Borussia Mönchengladbach
70%
56% Eintracht Frankfurt
69%
55% Union Berlin
66%
57% FC St. Pauli
56%
Keine übereinstimmenden Quizze gefunden
Verteilung der Resultate
Anzahl Personen mit jedem Resultat
Perzentil nach korrekt beantworteten Fragen
Ihre Resultats-Entwicklung
Sie haben dieses Quiz noch nicht gespielt